header

Selling science in the age of Newton (Record no. 239580)

MARC details
000 -LEADER
fixed length control field 01462nam a2200337Ia 4500
082 04 - DEWEY DECIMAL CLASSIFICATION NUMBER
Classification number 509.4093/3
100 1# - MAIN ENTRY--AUTHOR NAME
Personal name Wigelsworth, Jeffrey R.
245 10 - TITLE STATEMENT
Title Selling science in the age of Newton
260 ## - PUBLICATION, DISTRIBUTION, ETC. (IMPRINT)
Place of publication Farnham, Surrey, UK ;
-- Burlington, VT :
Name of publisher Ashgate Pub.,
Year of publication c2010.
300 ## - PHYSICAL DESCRIPTION
Number of Pages xii, 203 p. :
Other physical details ill., facsim.
490 1# - SERIES STATEMENT
Series statement Science, technology, and culture, 1700-1945
650 #0 - SUBJECT ADDED ENTRY--TOPICAL TERM
Topical Term Research
Topical Term Science
Topical Term Science
856 40 - ELECTRONIC LOCATION AND ACCESS
Uniform Resource Identifier http://site.ebrary.com/lib/rucke/Doc?id=10428221

No items available.

© 2026 Rongo University
Contact us: librarian | system librarian | Rongo university